Kliknij aby przetłumaczyć – niemiecki - Statystyki

Ogólne statystyki
  • Ten quiz został rozwiązany 11 590 razy
  • Średni wynik to 12 z 20
Statystyki odpowiedzi
Hint Odpowiedź % Poprawnych
Biblioteka Bibliothek
89%
Czwartek Donnerstag
83%
Czerwony Rot
82%
Kraj Land
78%
Ulica Straße
78%
Król König
73%
Morze Meer
72%
Miesiąc Monat
72%
Kwiat Blume
68%
Miasto Stadt
67%
Telewizor Fernseher
66%
Góra Berg
59%
Kolej Eisenbahn
53%
Podróż Reise
51%
Ciemny Dunkel
47%
Noga Bein
46%
Most Brücke
45%
Filiżanka Tasse
40%
Niebo Himmel
36%
Owca Schaf
36%
Nie znaleziono quizów pasujących do podanych kryteriów
Rozkład punktacji
Procent ludzi z każdym wynikiem
Percentyl według liczby udzielonych odpowiedzi
Twoja historia wyników
Nie rozwiązałeś tego quizu